000 00896nam a2200205 a 4500
005 20160420160746.0
008 950413s1994 ck a 000 0 spa
020 _z6121828
040 _aDLC
_cDLC
_dCO-BoIAVH
041 0 _aspa
044 _ack
082 0 0 _a346.86108
_bC26l
245 0 4 _aLas caras lindas de mi gente negra :
_blegislación histórica para las comunidades negras de Colombia /
_ccompilador, Miguel A. Vásquez L.
260 _aSantafé de Bogotá :
_bInstituto Colombiano de Antropología :
_bInstituto Colombiano de Cultura :
_bPlan Nacional de Rehabilitación Programa Presidencial,
_c1994.
300 _a64 páginas :
_bilustraciones ;
_c28 x 21 centímetros
650 1 4 _aAfrodescendientes
_xEstatutos legales, leyes, etc.
_zColombia
_xHistoria.
650 2 4 _aComunidades negras
_yColombia
700 1 _aVásquez L., Miguel A.
_ecompilador
942 _2ddc
_cLIBRO
999 _c249
_d249